Dishonored Quiz - Statistics

General Stats
  • This quiz has been taken 426 times
  • The average score is 7 of 8
Answer Stats
Hint Answer % Correct
Who was framed for the murder of the empress? Corvo Attano
97%
Who gives you your magical abilities? The Outsider
89%
Who published the game? Bethesda Softworks
88%
What is the name of the plague-ridden city where the game takes place? Dunwall
88%
What type of game is Dishonored? Stealth Action-Adventure
88%
Who killed the empress? Assassins led by Daud
84%
What is the empresses name? Jessamine Kaldwin
69%
Who is the inventor that builds your mask and supplies you with new gadgets? Piero Joplin
58%
No matching quizzes found
Score Distribution
Percent of People with Each Score
Percentile by Number Answered
Your Score History
You have not taken this quiz